000 00849cam a2200277 a 4500
001 488
005 20240523101044.0
020 _a0679882820
040 _aDLC
_cDLC
_dDLC
050 0 0 _aPZ8.3.G276
_bMi 1996
082 0 0 _a813.54
_221
100 1 _aGeisel, Theodor Seuss
_cDoctor
245 1 0 _aMr. Brown can moo! Can you? :
_bDr. Seuss's book of wonderful noises /
260 _aNew York :
_bRandom House,
_c1996.
300 _a18 unnumbered pages :
_bcolor illustrations ;
_c15 cm
490 1 _aBright and early board books
500 _aOn board pages.
505 _aB
520 _aMr. Brown is an expert at imitating all sorts of noises.
521 _a100
_bLexile NP
521 _aB
_bRaz-Plus
650 1 _aSound
_xFiction.
650 1 _aStories in rhyme.
906 _a7
_bcbc
_corignew
_d2
_eopcn
_f19
_gy-gencatlg
942 _2lcc
_cBK
_n0
999 _c488
_d488